000
00313nam a2200133Ia 4500
008
100328s9999 xx 000 0 und d
082
_b
43529
100
_a
शेळके उदव ज.
245
_a
धग
260
_b
पॅाप्युलर
630
_a
धग
730
_a
धग
942
_c
BOOK
999
_c
531872
_d
531869